[Event "Wch U20 Girls Blitz"]
[Site "Pula"]
[Date "2023.10.14"]
[Round "1"]
[White "Kairbekova, Amina"]
[Black "Pasti, Anna"]
[Result "1-0"]
[WhiteElo "2198"]
[BlackElo "2010"]
[PlyCount "55"]
[EventDate "2023.10.14"]
[EventType "swiss (blitz)"]
[EventRounds "11"]
[EventCountry "ITA"]
[SourceTitle "Mega2024 Update 01"]
[Source "Chessbase"]
[SourceDate "2023.11.12"]
[SourceVersion "1"]
[SourceVersionDate "2023.11.12"]
[SourceQuality "1"]

1. d4 Nf6 2. c4 e6 3. Nc3 Bb4 4. e3 0-0 5. Nf3 c5 6. Bd2 d5 7. a3 Bxc3 8. Bxc3 dxc4 9. Bxc4 a6 10. dxc5 Ne4 11. Bd4 Nc6 12. 0-0 Re8 13. b4 e5 14. Bb2 Bg4 15. Qd5 Qxd5 16. Bxd5 Bxf3 17. gxf3 Ng5 18. h4 Ne6 19. Rad1 Rad8 20. Bxc6 bxc6 21. Bxe5 Rxd1 22. Rxd1 h6 23. Bb2 Kh7 24. Rd6 Rc8 25. Rd7 Kg6 26. Kg2 Kf5 27. Rxf7+ Kg6 28. Re7 1-0

[Event "Wch U20 Girls Rapid"]
[Site "Pula"]
[Date "2023.10.12"]
[Round "10"]
[White "Pasti, Anna"]
[Black "Cassi, Elisa"]
[Result "1-0"]
[WhiteElo "2010"]
[BlackElo "1951"]
[PlyCount "67"]
[EventDate "2023.10.10"]
[EventType "swiss (rapid)"]
[EventRounds "11"]
[EventCountry "ITA"]
[SourceTitle "Mega2024 Update 01"]
[Source "Chessbase"]
[SourceDate "2023.11.12"]
[SourceVersion "1"]
[SourceVersionDate "2023.11.12"]
[SourceQuality "1"]

1. g3 d5 2. Bg2 Nf6 3. d3 e5 4. b3 Bd6 5. Bb2 0-0 6. Nd2 Re8 7. e4 dxe4 8. Nxe4 Nxe4 9. Bxe4 Nd7 10. Qd2 a5 11. Ne2 Nf6 12. Bg2 Bg4 13. h3 Bh5 14. g4 Bg6 15. 0-0-0 a4 16. Bxb7 Ra7 17. Bc6 axb3 18. axb3 Nd7 19. Nc3 Ba3 20. Bxa3 Rxa3 21. Kb2 Ra6 22. Bb5 Rb6 23. h4 f6 24. d4 exd4 25. Qxd4 Rd6 26. Qf4 Re5 27. Rxd6 cxd6 28. Rd1 Qc7 29. Qd4 Bxc2 30. Qxd6 Qxd6 31. Rxd6 Nc5 32. Kxc2 h5 33. b4 Ne6 34. Bc4 1-0

[Event "HUN-ch Rapid"]
[Site "Ajka"]
[Date "2022.07.15"]
[Round "1"]
[White "Pasti, Anna"]
[Black "Bagi, Mate"]
[Result "0-1"]
[WhiteElo "2005"]
[BlackElo "2460"]
[PlyCount "78"]
[EventDate "2022.07.15"]
[EventType "swiss (rapid)"]
[EventRounds "13"]
[EventCountry "HUN"]
[SourceTitle "CBM 209 Extra"]
[Source "ChessBase"]
[SourceDate "2022.09.30"]
[SourceVersion "1"]
[SourceVersionDate "2022.09.30"]
[SourceQuality "1"]

1. c4 Nf6 2. g3 c5 3. Bg2 d5 4. cxd5 Nxd5 5. Nc3 Nc7 6. e3 e5 7. Nge2 Nc6 8. d4 exd4 9. Bxc6+ bxc6 10. exd4 Be7 11. dxc5 Qxd1+ 12. Kxd1 Bxc5 13. Ne4 Bb6 14. Bf4 Bg4 15. Re1 0-0-0+ 16. Kc1 Rhe8 17. Nd6+ Rxd6 18. Bxd6 Rxe2 19. Rxe2 Bxe2 20. Kd2 Bf3 21. Bxc7 Kxc7 22. b4 g5 23. a4 g4 24. Rf1 a6 25. Kd3 Kd6 26. Rb1 Bxf2 27. b5 cxb5 28. axb5 a5 29. b6 Bb7 30. Kc3 Bc5 31. Rd1+ Kc6 32. Rf1 Kxb6 33. Rf6+ Kb5 34. Rxf7 Be4 35. Rf4 Bf3 36. Rf7 a4 37. Rxh7 Bb4+ 38. Kb2 a3+ 39. Ka1 Bd5 0-1

[Event "HUN-chT U18"]
[Site "Budapest"]
[Date "2021.10.26"]
[Round "5.15"]
[White "Gathi, Donat"]
[Black "Pasti, Anna"]
[Result "0-1"]
[WhiteElo "1778"]
[BlackElo "1932"]
[PlyCount "70"]
[EventDate "2021.10.24"]
[EventType "team-tourn"]
[EventRounds "7"]
[EventCountry "HUN"]
[SourceTitle "CBM 205 Extra"]
[Source "ChessBase"]
[SourceDate "2022.01.31"]
[SourceVersion "1"]
[SourceVersionDate "2022.01.31"]
[SourceQuality "1"]

1. e4 b6 2. d4 Bb7 3. Nc3 e6 4. Nf3 d5 5. exd5 exd5 6. Bf4 Bd6 7. Bxd6 Qxd6 8. Bd3 Nc6 9. Qe2+ Nge7 10. a3 0-0-0 11. 0-0-0 Rde8 12. Rhe1 Kb8 13. Qf1 f6 14. Re3 Ng6 15. Bxg6 Rxe3 16. fxe3 hxg6 17. Qd3 g5 18. g3 Na5 19. e4 dxe4 20. Nxe4 Qd5 21. Ned2 Nc6 22. c4 Qd7 23. Nf1 g4 24. Nh4 Rd8 25. Ne3 Qf7 26. d5 Ne5 27. Qe2 Bc8 28. b3 Qh5 29. h3 Qg5 30. Kb2 gxh3 31. Qf2 Re8 32. Ka2 Ng4 33. Nxg4 Bxg4 34. Re1 Rxe1 35. Qxe1 Qe5 0-1

[Event "HUN-chT U18"]
[Site "Budapest"]
[Date "2021.10.26"]
[Round "4.15"]
[White "Pasti, Anna"]
[Black "Karacsonyi, Kata"]
[Result "1/2-1/2"]
[WhiteElo "1932"]
[BlackElo "2050"]
[PlyCount "116"]
[EventDate "2021.10.24"]
[EventType "team-tourn"]
[EventRounds "7"]
[EventCountry "HUN"]
[SourceTitle "CBM 205 Extra"]
[Source "ChessBase"]
[SourceDate "2022.01.31"]
[SourceVersion "1"]
[SourceVersionDate "2022.01.31"]
[SourceQuality "1"]

1. g3 e5 2. Bg2 d5 3. e3 Nc6 4. Ne2 Be6 5. d4 f6 6. 0-0 Qd7 7. c4 0-0-0 8. cxd5 Bxd5 9. e4 Bc4 10. d5 Bxe2 11. Qxe2 Nd4 12. Qc4 Qb5 13. Qxb5 Nxb5 14. Be3 Kb8 15. Nd2 Ne7 16. a4 Nd6 17. f4 c6 18. fxe5 fxe5 19. Bc5 cxd5 20. exd5 Ndf5 21. Nc4 Ng6 22. b4 b6 23. Bxf8 Rhxf8 24. Rae1 Rde8 25. Rf2 Rf6 26. d6 Rd8 27. Rd1 Nd4 28. Rdf1 Rdf8 29. Rxf6 Rxf6 30. Re1 Nf5 31. Rd1 Kc8 32. b5 Kd8 33. d7 Nd4 34. Be4 Kxd7 35. Bxg6 hxg6 36. Nxe5+ Ke6 37. Ng4 Nf3+ 38. Kg2 Rf7 39. Rc1 Nd4 40. Rc4 Kd5 41. Ne3+ Ke4 42. Nc2 Kd3 43. Rxd4+ Kxc2 44. Rd6 Kb3 45. Rd4 Rf5 46. g4 Rc5 47. Rd7 Kxa4 48. Rxa7+ Kxb5 49. Rxg7 g5 50. Rf7 Kc4 51. Kg3 b5 52. h4 gxh4+ 53. Kxh4 b4 54. g5 b3 55. g6 b2 56. Rf1 Rc7 57. Kh5 Kd3 58. Rb1 Kc2 1/2-1/2

[Event "HUN-chT U18"]
[Site "Budapest"]
[Date "2021.10.25"]
[Round "3.21"]
[White "Kocsmar, Akos"]
[Black "Pasti, Anna"]
[Result "0-1"]
[WhiteElo "1979"]
[BlackElo "1932"]
[PlyCount "70"]
[EventDate "2021.10.24"]
[EventType "team-tourn"]
[EventRounds "7"]
[EventCountry "HUN"]
[SourceTitle "CBM 205 Extra"]
[Source "ChessBase"]
[SourceDate "2022.01.31"]
[SourceVersion "1"]
[SourceVersionDate "2022.01.31"]
[SourceQuality "1"]

1. d4 b6 2. Nf3 Bb7 3. g3 e6 4. Bg2 c5 5. 0-0 Nf6 6. c4 cxd4 7. Nxd4 Bxg2 8. Kxg2 Qc7 9. b3 a6 10. Bb2 Bc5 11. Nc3 Nc6 12. Nf3 0-0 13. e4 Rfd8 14. Re1 Ng4 15. Re2 Bxf2 16. Qc1 Bc5 17. Qg5 Nge5 18. Nxe5 Qxe5 19. Qg4 Bd4 20. Qf3 b5 21. Rf1 f6 22. Qd3 Rab8 23. Rd1 bxc4 24. Qxc4 Rb4 25. Qd3 Qh5 26. Rf1 Ne5 27. Qd2 Rc8 28. Ree1 Qg6 29. Na4 Bxb2 30. Qxb4 Nd3 31. Qd2 Nxe1+ 32. Rxe1 Be5 33. Qxd7 Rc2+ 34. Kh1 Rxh2+ 35. Kxh2 Qxg3+ 0-1

[Event "HUN-ch U18"]
[Site "Eger"]
[Date "2021.08.26"]
[Round "5"]
[White "Koltai, Dora"]
[Black "Pasti, Anna"]
[Result "1-0"]
[WhiteElo "1897"]
[BlackElo "1925"]
[PlyCount "77"]
[EventDate "2021.08.20"]
[EventType "swiss"]
[EventRounds "7"]
[EventCountry "HUN"]
[SourceTitle "EXT 2022"]
[Source "ChessBase"]
[SourceDate "2021.10.06"]
[SourceVersion "1"]
[SourceVersionDate "2021.10.06"]
[SourceQuality "1"]

1. e4 c5 2. Nf3 e6 3. d4 cxd4 4. Nxd4 a6 5. Nc3 b5 6. Bd3 Bb7 7. 0-0 Qc7 8. Re1 Nc6 9. Nxc6 Qxc6 10. a4 b4 11. Nd5 Be7 12. Nxe7 Nxe7 13. Bd2 a5 14. c3 bxc3 15. Bxc3 0-0 16. Qg4 f6 17. Re3 Ng6 18. Rh3 Rf7 19. Bb5 Qc7 20. Rd1 Qf4 21. Qh5 Nf8 22. Rh4 Qc7 23. Qe2 Ng6 24. Rg4 d5 25. exd5 Bxd5 26. Qe3 Ne7 27. Rc1 Nf5 28. Qd2 Qb7 29. Bc4 Bxc4 30. Rxc4 Rd7 31. Qf4 Nd6 32. Rc5 Ne4 33. Rb5 Qc6 34. Bxa5 Rc8 35. Re1 Nc5 36. Qe3 e5 37. h3 Nxa4 38. Qb3+ Qc4 39. Rc1 1-0

[Event "HUN-ch U18"]
[Site "Eger"]
[Date "2021.08.25"]
[Round "4"]
[White "Pasti, Anna"]
[Black "Juhasz, Judit"]
[Result "0-1"]
[WhiteElo "1925"]
[BlackElo "2001"]
[PlyCount "72"]
[EventDate "2021.08.20"]
[EventType "swiss"]
[EventRounds "7"]
[EventCountry "HUN"]
[SourceTitle "EXT 2022"]
[Source "ChessBase"]
[SourceDate "2021.10.06"]
[SourceVersion "1"]
[SourceVersionDate "2021.10.06"]
[SourceQuality "1"]

1. d4 Nf6 2. Bg5 c5 3. d5 d6 4. Nc3 g6 5. e4 Bg7 6. Be2 a6 7. a4 Qa5 8. Bd2 Qc7 9. a5 0-0 10. f4 e6 11. dxe6 Bxe6 12. Nf3 Nc6 13. 0-0 Rfe8 14. Ng5 Nd4 15. Nxe6 fxe6 16. Be3 Nd7 17. Bc4 Kh8 18. Qd2 Rad8 19. Rfd1 Nf6 20. Be2 Nxe2+ 21. Qxe2 d5 22. e5 Nd7 23. Bf2 g5 24. fxg5 Bxe5 25. Qh5 Nf8 26. Rd3 Ng6 27. Ne2 Bxb2 28. Rb1 Be5 29. Rh3 Kg8 30. Kh1 Re7 31. Bg3 Bxg3 32. Rxg3 Rf8 33. Ng1 Qxa5 34. Rgb3 b5 35. Nf3 Ref7 36. h3 Rf4 0-1

[Event "Budapest Vezerkepzo FM 2nd"]
[Site "Budapest"]
[Date "2021.04.18"]
[Round "5.1"]
[White "Szalanczy, Emil"]
[Black "Pasti, Anna"]
[Result "1-0"]
[WhiteElo "2103"]
[BlackElo "1911"]
[PlyCount "65"]
[EventDate "2021.04.14"]
[EventType "schev"]
[EventRounds "10"]
[EventCountry "HUN"]
[SourceTitle "CBM 202 Extra"]
[Source "ChessBase"]
[SourceDate "2021.07.31"]
[SourceVersion "1"]
[SourceVersionDate "2021.07.31"]
[SourceQuality "1"]
[WhiteTeam "Team"]
[BlackTeam "Team II"]
[WhiteTeamCountry "HUN"]
[BlackTeamCountry "HUN"]

1. Nf3 c5 2. e4 e6 3. d4 cxd4 4. Nxd4 Nc6 5. Nc3 Qc7 6. Qd3 Nf6 7. Be2 Be7 8. Ndb5 Qb8 9. Qg3 Qxg3 10. hxg3 0-0 11. Be3 a6 12. Nd4 b5 13. Nxc6 dxc6 14. e5 Nd5 15. Bd3 g6 16. Bh6 Rd8 17. Ne4 f6 18. f4 c5 19. exf6 Bxf6 20. 0-0-0 Be7 21. Ng5 c4 22. Be4 Ra7 23. Bf3 Ne3 24. Rde1 Bc5 25. Ne4 Bb6 26. g4 Rf7 27. Bg5 Rdf8 28. Nd6 Rc7 29. f5 Nd5 30. fxe6 Ne7 31. c3 Bf2 32. Re2 Bg3 33. Nf7 1-0

[Event "Budapest Vezerkepzo FM 2nd"]
[Site "Budapest"]
[Date "2021.04.17"]
[Round "4.1"]
[White "Pasti, Anna"]
[Black "Kahn, Evarth"]
[Result "0-1"]
[WhiteElo "1911"]
[BlackElo "2169"]
[PlyCount "114"]
[EventDate "2021.04.14"]
[EventType "schev"]
[EventRounds "10"]
[EventCountry "HUN"]
[SourceTitle "CBM 202 Extra"]
[Source "ChessBase"]
[SourceDate "2021.07.31"]
[SourceVersion "1"]
[SourceVersionDate "2021.07.31"]
[SourceQuality "1"]
[WhiteTeam "Team II"]
[BlackTeam "Team"]
[WhiteTeamCountry "HUN"]
[BlackTeamCountry "HUN"]

1. e4 c5 2. Nf3 d6 3. c4 e5 4. Nc3 Nc6 5. d3 g6 6. Bg5 f6 7. Bh4 h5 8. Bg3 Nd4 9. h3 Ne7 10. Be2 Bh6 11. Nd2 0-0 12. 0-0 f5 13. exf5 Nexf5 14. Nde4 Be6 15. Rb1 a5 16. b3 b6 17. Bh2 Ra7 18. Kh1 Raf7 19. a3 Nh4 20. Bg3 Bf4 21. b4 axb4 22. axb4 cxb4 23. Rxb4 Bxg3 24. fxg3 Nxe2 25. Rxf7 Nxg3+ 26. Nxg3 Rxf7 27. Nce4 Nf5 28. Qd2 Nxg3+ 29. Nxg3 Qh4 30. Kh2 Rf3 31. Qe1 Rxd3 32. c5 Rd4 33. Rxb6 Qf4 34. Kh1 Rc4 35. Ne2 Qe4 36. Rxd6 Bxh3 37. Qg3 Bf5 38. Nc3 Qh4+ 39. Qxh4 Rxh4+ 40. Kg1 Rc4 41. Nd5 Rxc5 42. Ne7+ Kg7 43. Nxf5+ gxf5 44. Re6 e4 45. Kf2 Rc3 46. g3 h4 47. gxh4 Rh3 48. Ke2 Kf7 49. Rb6 f4 50. Rb4 Re3+ 51. Kf2 Kg6 52. Rb5 Ra3 53. Re5 Ra2+ 54. Ke1 e3 55. h5+ Kf6 56. Re8 Kg5 57. Rf8 Kg4 0-1

[Event "Hello Sakk Cup Alekhine"]
[Site "Tornelo INT"]
[Date "2021.02.20"]
[Round "3"]
[White "Lakatos, Tamas"]
[Black "Pasti, Anna"]
[Result "0-1"]
[WhiteElo "2198"]
[BlackElo "1911"]
[PlyCount "78"]
[EventDate "2021.02.20"]
[EventType "tourn (rapid)"]
[EventRounds "7"]
[EventCountry "HUN"]
[SourceTitle "CBM 200 Extra"]
[Source "ChessBase"]
[SourceDate "2021.03.31"]
[SourceVersion "1"]
[SourceVersionDate "2021.03.31"]
[SourceQuality "1"]

1. h3 a6 2. Nf3 Nf6 3. d4 e6 4. Bg5 d5 5. e3 Be7 6. Nbd2 b5 7. a4 bxa4 8. Rxa4 Bd7 9. Ra1 c5 10. c4 a5 11. Bd3 Nc6 12. 0-0 Nb4 13. Be2 0-0 14. Bxf6 Bxf6 15. Nb3 cxd4 16. exd4 dxc4 17. Bxc4 Bc6 18. Ne5 Bd5 19. Bb5 Bxe5 20. dxe5 Qb6 21. Ba4 Bc4 22. Re1 Nd3 23. Re2 Rfd8 24. Qc2 Rac8 25. Rd1 Bb5 26. Bxb5 Rxc2 27. Rxc2 Qxb5 28. Nc5 h6 29. Nxd3 Rxd3 30. Rdc1 Kh7 31. Rc7 Qxb2 32. Rf1 Qxe5 33. Rxf7 a4 34. Ra7 a3 35. Rb7 a2 36. Ra7 Rd2 37. Ra3 Qe2 38. Ra4 Rb2 39. Ra7 Rb1 0-1

[Event "Hello Sakk Cup Alekhine"]
[Site "Tornelo INT"]
[Date "2021.02.20"]
[Round "2"]
[White "Pasti, Anna"]
[Black "Pasztor, Balazs"]
[Result "0-1"]
[WhiteElo "1911"]
[BlackElo "2200"]
[PlyCount "86"]
[EventDate "2021.02.20"]
[EventType "tourn (rapid)"]
[EventRounds "7"]
[EventCountry "HUN"]
[SourceTitle "CBM 200 Extra"]
[Source "ChessBase"]
[SourceDate "2021.03.31"]
[SourceVersion "1"]
[SourceVersionDate "2021.03.31"]
[SourceQuality "1"]

1. e4 c5 2. Nf3 d6 3. d4 cxd4 4. Nxd4 Nf6 5. Nc3 a6 6. Be2 e5 7. Nb3 Be7 8. g4 Be6 9. Be3 Nc6 10. Nd5 0-0 11. Bf3 Nd7 12. Qd2 Rc8 13. 0-0-0 Bh4 14. Kb1 b5 15. g5 Bxd5 16. Qxd5 Nb6 17. Qxd6 Qxd6 18. Rxd6 Nc4 19. Rd7 Nxe3 20. fxe3 Bxg5 21. Re1 Rfd8 22. Rxd8+ Nxd8 23. c3 g6 24. Bg4 Rc7 25. Nd2 h5 26. Bh3 Kf8 27. Nf1 Ke7 28. Rd1 Nb7 29. Rd5 f6 30. Rd3 Nc5 31. Rd5 Nxe4 32. Kc2 Bh6 33. Bg2 Nc5 34. Kd2 Ke6 35. Ke2 e4 36. Rd2 f5 37. Ng3 Rd7 38. Rxd7 Nxd7 39. Nf1 Nc5 40. Nd2 Na4 41. b3 Nxc3+ 42. Kf2 Nd1+ 43. Ke2 Nxe3 0-1

[Event "Titled Tuesday intern op 19th May"]
[Site "Chess.com INT"]
[Date "2020.05.19"]
[Round "6"]
[White "Pasti, Anna"]
[Black "Sailer, Mike L"]
[Result "1-0"]
[WhiteElo "1741"]
[BlackElo "2109"]
[PlyCount "129"]
[EventDate "2020.05.19"]
[EventType "swiss (blitz)"]
[EventRounds "10"]
[EventCountry "USA"]
[SourceTitle "EXT 2021"]
[Source "ChessBase"]
[SourceDate "2020.10.23"]
[SourceVersion "1"]
[SourceVersionDate "2020.10.23"]
[SourceQuality "1"]

1. e4 d5 2. exd5 Qxd5 3. Nc3 Qd6 4. Nf3 Nf6 5. Bc4 c6 6. d4 Bg4 7. Be3 e6 8. h3 Bh5 9. g4 Bg6 10. Qd2 Be7 11. 0-0-0 Nbd7 12. a3 Nb6 13. Bb3 Ne4 14. Nxe4 Bxe4 15. Bf4 Qd8 16. Qe3 Bxf3 17. Qxf3 Nd5 18. Bd2 Bg5 19. c4 Bxd2+ 20. Rxd2 Ne7 21. Kb1 0-0 22. h4 b5 23. h5 bxc4 24. Bxc4 Nd5 25. Rdd1 Qg5 26. Bxd5 cxd5 27. Qg3 Rab8 28. f4 Qe7 29. g5 Qb7 30. Rd2 Qb3 31. Qg2 Qxa3 32. g6 fxg6 33. hxg6 h6 34. Qe2 Rf6 35. Qe5 Qf3 36. f5 Qxh1+ 37. Ka2 Qf3 38. Qxb8+ Rf8 39. Qd6 Qxf5 40. Re2 Qxg6 41. Rxe6 Qf7 42. Qxd5 Rb8 43. Qe5 Qb7 44. Re8+ Rxe8 45. Qxe8+ Kh7 46. Qe5 Qa6+ 47. Kb3 Qb6+ 48. Kc3 Qc6+ 49. Kd2 Qg2+ 50. Kc3 Qf3+ 51. Kd2 Qf2+ 52. Kd3 Qf7 53. d5 Qg6+ 54. Kd4 h5 55. Qe4 Qxe4+ 56. Kxe4 Kg6 57. Ke5 Kf7 58. Kd6 Ke8 59. Kc7 h4 60. d6 h3 61. d7+ Ke7 62. d8Q+ Ke6 63. Qh8 g5 64. Qxh3+ g4 65. Qxg4+ 1-0

[Event "Titled Tuesday intern op 19th May"]
[Site "Chess.com INT"]
[Date "2020.05.19"]
[Round "3"]
[White "Yurtseven, Melih"]
[Black "Pasti, Anna"]
[Result "1-0"]
[WhiteElo "2391"]
[BlackElo "1741"]
[PlyCount "79"]
[EventDate "2020.05.19"]
[EventType "swiss (blitz)"]
[EventRounds "10"]
[EventCountry "USA"]
[SourceTitle "EXT 2021"]
[Source "ChessBase"]
[SourceDate "2020.10.23"]
[SourceVersion "1"]
[SourceVersionDate "2020.10.23"]
[SourceQuality "1"]

1. Nf3 d5 2. g3 c6 3. c4 Bg4 4. Bg2 e6 5. 0-0 Bd6 6. b3 Ne7 7. Bb2 0-0 8. d4 Nd7 9. Nbd2 Nf6 10. Ne5 Bf5 11. Re1 Ne4 12. Nxe4 Bxe4 13. Bh3 Bf5 14. Bg2 Be4 15. Bf1 f6 16. Nf3 Qc7 17. Nd2 Bg6 18. e4 Rfe8 19. Rc1 Bb4 20. e5 fxe5 21. a3 Bxd2 22. Qxd2 e4 23. f3 Rf8 24. fxe4 Bxe4 25. Bh3 Nf5 26. Re2 Nxg3 27. hxg3 Qxg3+ 28. Bg2 Bxg2 29. Rxg2 Qxb3 30. Qc3 Qxc3 31. Rxc3 Rf4 32. Re3 Kf7 33. Rf2 Rxf2 34. Kxf2 dxc4 35. Re5 b5 36. Rc5 Rc8 37. Bc3 Ke7 38. Rh5 h6 39. Ke3 Rf8 40. Bb4+ 1-0

[Event "HUN-chT U18"]
[Site "Budapest"]
[Date "2019.10.28"]
[Round "4.3"]
[White "Pasti, Anna"]
[Black "Blahota, Marcell"]
[Result "0-1"]
[WhiteElo "1884"]
[BlackElo "1765"]
[PlyCount "158"]
[EventDate "2019.10.26"]
[EventType "team-swiss"]
[EventRounds "7"]
[EventCountry "HUN"]
[SourceTitle "CBM 192 Extra"]
[Source "Chessbase"]
[SourceDate "2019.11.06"]
[SourceVersion "1"]
[SourceVersionDate "2019.11.06"]
[SourceQuality "1"]
[WhiteTeam "Dunaujvaros Bastya"]
[BlackTeam "Nyiregyhaza VSC"]
[WhiteTeamCountry "HUN"]
[BlackTeamCountry "HUN"]

1. g3 d5 2. Bg2 Nf6 3. d3 c5 4. Nf3 Nc6 5. b3 e6 6. Bb2 Be7 7. Nbd2 0-0 8. 0-0 Qc7 9. Ne1 e5 10. e4 dxe4 11. Nxe4 Be6 12. Nxf6+ Bxf6 13. f4 Nd4 14. Bxd4 exd4 15. Qf3 Rab8 16. g4 h6 17. Bh3 Rbd8 18. Ng2 Bd5 19. Qf2 Rfe8 20. Rae1 Qd7 21. Qg3 Bxg2 22. Bxg2 Re3 23. Rxe3 dxe3 24. Kh1 Bd4 25. g5 hxg5 26. fxg5 g6 27. Be4 b5 28. Qh4 Qe6 29. Qg3 b4 30. Qf3 Kg7 31. Kg2 f5 32. gxf6+ Qxf6 33. Qg4 Qd6 34. Rf5 e2 35. Rg5 e1N+ 36. Kh1 Kf7 37. Bxg6+ Ke7 38. Qh4 Qf6 39. Qxe1+ Kd7 40. Rd5+ Kc6 41. Rf5 Qxg6 42. Qe4+ Kb6 43. Rf1 Qxe4+ 44. dxe4 Re8 45. Re1 Kc6 46. Kg2 Rg8+ 47. Kh3 Kd6 48. Re2 Ke5 49. Kh4 Kf4 50. Kh5 Kf3 51. Re1 Rh8+ 52. Kg6 Rxh2 53. e5 Rg2+ 54. Kf5 Bc3 55. Rd1 Bxe5 56. Kxe5 Rxc2 57. Ra1 Ke3 58. a3 a5 59. axb4 axb4 60. Rd1 c4 61. bxc4 Rxc4 62. Kd5 Rc3 63. Rh1 Kd3 64. Rh3+ Kc2 65. Rh2+ Kb3 66. Kd4 Rc8 67. Rh3+ Ka2 68. Rh2+ Ka3 69. Rh7 b3 70. Kd3 Ka2 71. Ra7+ Kb1 72. Kd2 Kb2 73. Ra6 Rd8+ 74. Ke3 Kb1 75. Rb6 b2 76. Ra6 Rb8 77. Kd2 Rd8+ 78. Ke3 Rd5 79. Ke4 Rd2 0-1

[Event "Arco op 41st"]
[Site "Arco"]
[Date "2019.10.10"]
[Round "7"]
[White "Pasti, Anna"]
[Black "Steiger, Michael"]
[Result "1-0"]
[WhiteElo "1851"]
[BlackElo "2015"]
[PlyCount "43"]
[EventDate "2019.10.04"]
[EventType "swiss"]
[EventRounds "9"]
[EventCountry "ITA"]
[SourceTitle "EXT 2020"]
[Source "ChessBase"]
[SourceDate "2019.10.17"]
[SourceVersion "1"]
[SourceVersionDate "2019.10.17"]
[SourceQuality "1"]

1. e4 c5 2. Nf3 e6 3. d4 cxd4 4. Nxd4 Qb6 5. Nb3 Qc7 6. Bd3 a6 7. 0-0 Nf6 8. Be3 b5 9. a4 b4 10. a5 d6 11. N1d2 Nbd7 12. Nc4 Bb7 13. f3 Be7 14. Qe2 0-0 15. Nb6 Rad8 16. Bxa6 Bxa6 17. Qxa6 Qxc2 18. Nd4 Qxb2 19. Nc6 Rde8 20. Bd4 Qd2 21. Rf2 Qg5 22. Nc8 1-0

[Event "Satu Mare Szabo Memorial"]
[Site "Satu Mare"]
[Date "2019.08.02"]
[Round "1"]
[White "Secheres, Adrian Simion"]
[Black "Pasti, Anna"]
[Result "1-0"]
[WhiteElo "2394"]
[BlackElo "1896"]
[PlyCount "67"]
[EventDate "2019.08.02"]
[EventType "swiss"]
[EventRounds "9"]
[EventCountry "ROU"]
[SourceTitle "CBM 191 Extra"]
[Source "ChessBase"]
[SourceDate "2019.09.30"]
[SourceVersion "1"]
[SourceVersionDate "2019.09.30"]
[SourceQuality "1"]

1. d4 d5 2. c4 e6 3. Nc3 Nf6 4. Nf3 Be7 5. Bf4 a6 6. e3 dxc4 7. Bxc4 b5 8. Bd3 Bb7 9. 0-0 0-0 10. Rc1 Nbd7 11. Qe2 c5 12. Rfd1 cxd4 13. exd4 Nb6 14. Be5 Nbd5 15. Ne4 Nd7 16. Bg3 N7f6 17. Nc5 Bc8 18. Ne5 Qb6 19. Bb1 Rd8 20. Bh4 Bxc5 21. dxc5 Qc7 22. Bg3 Qb7 23. c6 Qb6 24. Rd3 Ra7 25. Bh4 Re8 26. Rg3 Qd4 27. Nf3 Qb6 28. Qe5 Qc7 29. Bxf6 Nxf6 30. Qg5 Kf8 31. Qxg7+ Ke7 32. Qg5 Qd6 33. Nd2 Rg8 34. Qxf6+ 1-0

[Event "Paracin Summer op-B 12th"]
[Site "Paracin"]
[Date "2019.07.09"]
[Round "5"]
[White "Petrov, Anton"]
[Black "Pasti, Anna"]
[Result "1-0"]
[WhiteElo "1952"]
[BlackElo "1865"]
[PlyCount "39"]
[EventDate "2019.07.05"]
[EventType "swiss"]
[EventRounds "9"]
[EventCountry "SRB"]
[SourceTitle "EXT 2020"]
[Source "ChessBase"]
[SourceDate "2019.10.17"]
[SourceVersion "1"]
[SourceVersionDate "2019.10.17"]
[SourceQuality "1"]

1. e4 c5 2. Nc3 e6 3. f4 a6 4. Nf3 Qc7 5. e5 d6 6. g3 Nc6 7. exd6 Bxd6 8. Ne4 Nge7 9. Bg2 0-0 10. 0-0 b6 11. b3 Bb7 12. Bb2 Rad8 13. Nfg5 h6 14. Qh5 Nf5 15. Nxd6 Rxd6 16. Ne4 Rd7 17. g4 Nd6 18. g5 Nf5 19. gxh6 Nxh6 20. Bxg7 1-0

[Event "Paracin Summer op-B 12th"]
[Site "Paracin"]
[Date "2019.07.08"]
[Round "4"]
[White "Pasti, Anna"]
[Black "Kodric, Tilen"]
[Result "1/2-1/2"]
[WhiteElo "1865"]
[BlackElo "2093"]
[PlyCount "56"]
[EventDate "2019.07.05"]
[EventType "swiss"]
[EventRounds "9"]
[EventCountry "SRB"]
[SourceTitle "EXT 2020"]
[Source "ChessBase"]
[SourceDate "2019.10.17"]
[SourceVersion "1"]
[SourceVersionDate "2019.10.17"]
[SourceQuality "1"]

1. e4 e6 2. d4 d5 3. Nc3 Nf6 4. e5 Nfd7 5. Nce2 c5 6. c3 Nc6 7. f4 Nb6 8. b3 cxd4 9. Nxd4 Be7 10. Ngf3 0-0 11. Bd3 f6 12. Qc2 f5 13. Nxc6 bxc6 14. 0-0 c5 15. Be3 c4 16. Be2 Qc7 17. b4 a5 18. b5 a4 19. Nd4 Bd7 20. Bd1 Bc5 21. Qd2 Nc8 22. g4 Ne7 23. gxf5 Nxf5 24. Nxf5 Rxf5 25. b6 Qc6 26. Bg4 Rf7 27. Kg2 Bxe3 28. Qxe3 Rb8 1/2-1/2

[Event "HUN-ch U16 Girls"]
[Site "Balatonlelle"]
[Date "2019.06.22"]
[Round "1"]
[White "Nagy, Bettina"]
[Black "Pasti, Anna"]
[Result "0-1"]
[WhiteElo "1542"]
[BlackElo "1955"]
[PlyCount "74"]
[EventDate "2019.06.22"]
[EventType "swiss"]
[EventRounds "7"]
[EventCountry "HUN"]
[SourceTitle "CBM 191 Extra"]
[Source "ChessBase"]
[SourceDate "2019.09.30"]
[SourceVersion "1"]
[SourceVersionDate "2019.09.30"]
[SourceQuality "1"]

1. e4 c5 2. Nc3 Nc6 3. d3 e6 4. Nge2 a6 5. a4 Nge7 6. Be3 b6 7. g3 g6 8. d4 cxd4 9. Nxd4 Bg7 10. Qd2 0-0 11. Bg2 Bb7 12. 0-0 Qc7 13. Nxc6 dxc6 14. Rad1 Rfd8 15. Qc1 c5 16. Rd3 Rxd3 17. cxd3 Rd8 18. Rd1 Nc6 19. Ne2 Nd4 20. Nxd4 Bxd4 21. b4 Qd6 22. e5 Qb8 23. Bxb7 Qxb7 24. Bxd4 cxd4 25. Qc4 b5 26. axb5 axb5 27. Qc5 Rd5 28. Qc1 Rxe5 29. Qf4 Rd5 30. Rc1 e5 31. Qg4 Kg7 32. f4 exf4 33. Qxf4 Qe7 34. Rf1 Qe3+ 35. Qxe3 dxe3 36. Rf3 Rxd3 37. Kf1 Rb3 0-1

[Event "HUN-chT2 Charousek 1819"]
[Site "Hungary"]
[Date "2019.03.10"]
[Round "9.11"]
[White "Salavecz, Gergely"]
[Black "Pasti, Anna"]
[Result "1/2-1/2"]
[WhiteElo "1947"]
[BlackElo "1861"]
[PlyCount "29"]
[EventDate "2018.09.23"]
[EventType "team-tourn"]
[EventRounds "11"]
[EventCountry "HUN"]
[SourceTitle "EXT 2021"]
[Source "ChessBase"]
[SourceDate "2020.10.23"]
[SourceVersion "1"]
[SourceVersionDate "2020.10.23"]
[SourceQuality "1"]
[WhiteTeam "Balatonfuered"]
[BlackTeam "Biatorbagy"]
[WhiteTeamCountry "HUN"]
[BlackTeamCountry "HUN"]

1. e4 c5 2. Nf3 e6 3. d4 cxd4 4. Nxd4 a6 5. Nc3 b5 6. Bd3 Bb7 7. 0-0 Nc6 8. Be3 Nf6 9. Qe2 Ne5 10. a3 Nfg4 11. Bf4 g5 12. Bxe5 Nxe5 13. Nf3 Qf6 14. Rad1 h5 15. Qe3 1/2-1/2